[Event "SRI-chB (Women)"]
[Site "Malabe"]
[Date "2015.06.27"]
[Round "7"]
[White "Rodrigo, TM Janudi"]
[Black "Udagedara, Sandali Kanishka"]
[Result "0-1"]
[WhiteElo "1421"]
[BlackElo "1492"]
[PlyCount "60"]
[EventDate "2015.05.19"]
[EventType "swiss"]
[EventRounds "10"]
[EventCountry "SRI"]
[SourceTitle "EXT 2016"]
[Source "ChessBase"]
[SourceDate "2015.10.08"]
[SourceVersion "1"]
[SourceVersionDate "2015.10.08"]
[SourceQuality "1"]

1. d4 d5 2. Bf4 Nf6 3. Nf3 e6 4. e3 c5 5. c3 Be7 6. Bd3 Nc6 7. Nbd2 0-0 8. Ne5 Bd6 9. Qf3 Qc7 10. Ng4 Nxg4 11. Bxd6 Qxd6 12. Qxg4 e5 13. Qg3 Qe7 14. dxe5 Nxe5 15. Bc2 d4 16. cxd4 cxd4 17. exd4 Nf3+ 18. Kd1 Nxd4 19. Be4 Re8 20. Qd3 f5 21. Bd5+ Ne6 22. Qxf5 Kh8 23. Qc2 Nd4 24. Qd3 Bf5 25. Qf1 Bc2+ 26. Kc1 Rac8 27. Bc4 b5 28. f3 bxc4 29. Nxc4 Rxc4 30. Qxc4 Qe3# 0-1

[Event "SRI-chB (Women)"]
[Site "Malabe"]
[Date "2015.06.20"]
[Round "3"]
[White "Rodrigo, TM Janudi"]
[Black "Ranasinghe, Thinithi Sahanika"]
[Result "0-1"]
[WhiteElo "1421"]
[BlackElo "1682"]
[PlyCount "100"]
[EventDate "2015.05.19"]
[EventType "swiss"]
[EventRounds "10"]
[EventCountry "SRI"]
[SourceTitle "EXT 2016"]
[Source "ChessBase"]
[SourceDate "2015.10.08"]
[SourceVersion "1"]
[SourceVersionDate "2015.10.08"]
[SourceQuality "1"]

1. d4 d5 2. Bf4 Nf6 3. Nf3 c5 4. e3 Nc6 5. c3 Qb6 6. Qc1 c4 7. Nbd2 Nh5 8. Bg3 Qd8 9. Qd1 Nxg3 10. hxg3 h6 11. e4 e6 12. Qe2 Be7 13. e5 b5 14. a3 a5 15. b3 Ba6 16. bxc4 bxc4 17. Qd1 Rb8 18. Rb1 Rxb1 19. Nxb1 Qb6 20. Qc2 Kd7 21. Be2 Rb8 22. 0-0 Qb2 23. Qxb2 Rxb2 24. Re1 Ra2 25. Nfd2 Bxa3 26. Bf1 a4 27. Nf3 Na5 28. Rd1 Nb3 29. Ne1 Be7 30. Nf3 a3 31. Nbd2 Nxd2 32. Nxd2 Rc2 33. Nf3 Rxc3 34. Ra1 Rc2 35. Ne1 Rb2 36. f4 Bb5 37. Nf3 Ba4 38. Ne1 Bb3 39. Rc1 a2 40. Ra1 Rb1 41. Rxb1 axb1Q 42. Nf3 c3 43. Kf2 Qb2+ 44. Kg1 c2 45. Bb5+ Kd8 46. Kh2 c1R 47. Bd3 Rc3 48. Ne1 Qd2 49. Kh3 Qxe1 50. Bf5 Qxg3# 0-1

[Event "SRI-chB (Women)"]
[Site "Malabe"]
[Date "2015.06.20"]
[Round "4"]
[White "Thuduwage, Yasasirini Pabasara"]
[Black "Rodrigo, TM Janudi"]
[Result "0-1"]
[WhiteElo "1373"]
[BlackElo "1421"]
[PlyCount "68"]
[EventDate "2015.05.19"]
[EventType "swiss"]
[EventRounds "10"]
[EventCountry "SRI"]
[SourceTitle "EXT 2016"]
[Source "ChessBase"]
[SourceDate "2015.10.08"]
[SourceVersion "1"]
[SourceVersionDate "2015.10.08"]
[SourceQuality "1"]

1. d4 c5 2. dxc5 e6 3. Nc3 Bxc5 4. e3 Nf6 5. Nf3 Nc6 6. a3 d5 7. b4 Bd6 8. Bb2 a5 9. b5 Na7 10. a4 Bb4 11. Nd2 d4 12. exd4 Qxd4 13. Qf3 Nd5 14. Ndb1 Bd7 15. Qd3 Qe5+ 16. Kd1 Rc8 17. Kd2 Bxb5 18. axb5 Nxc3 19. Nxc3 Rd8 20. Re1 Rxd3+ 21. Bxd3 Qc5 22. Rhf1 Ke7 23. Re4 Rd8 24. f4 Nxb5 25. Kc1 Bxc3 26. Rc4 Bxb2+ 27. Kxb2 Qa3+ 28. Kb1 Nc3+ 29. Rxc3 Qxc3 30. Rd1 Rd6 31. Kc1 a4 32. f5 a3 33. f6+ gxf6 34. Bxh7 Qa1# 0-1

[Event "Asia-ch U20 Girls"]
[Site "Bishkek"]
[Date "2015.??.??"]
[Round "?"]
[White "Musaeva, Shakhnazi"]
[Black "Rodrigo, TM Janudi"]
[Result "1-0"]
[WhiteElo "1581"]
[BlackElo "1407"]
[PlyCount "53"]
[EventDate "2015.10.03"]
[EventType "swiss"]
[EventRounds "9"]
[EventCountry "KGZ"]
[SourceTitle "EXT 2022"]
[Source "ChessBase"]
[SourceDate "2021.10.06"]
[SourceVersion "1"]
[SourceVersionDate "2021.10.06"]
[SourceQuality "1"]

1. e4 d5 2. exd5 Qxd5 3. Nc3 Qa5 4. d4 Nf6 5. Nf3 c6 6. Be2 e6 7. 0-0 Bd6 8. h3 Nbd7 9. Be3 0-0 10. a3 Qc7 11. Bd3 a6 12. b4 b5 13. Qd2 Bb7 14. Ne2 Rfe8 15. c4 e5 16. dxe5 Nxe5 17. Nxe5 Bxe5 18. Rac1 Rad8 19. Qc2 bxc4 20. Bxc4 a5 21. bxa5 Qxa5 22. Qb3 Rd7 23. Bb6 Qd2 24. f4 Bxf4 25. Nxf4 Ne4 26. Rce1 Ba8 27. Ng6 1-0

[Event "Asia-ch U20 Girls"]
[Site "Bishkek"]
[Date "2015.??.??"]
[Round "?"]
[White "Rodrigo, TM Janudi"]
[Black "Kim, Kristina"]
[Result "0-1"]
[WhiteElo "1407"]
[BlackElo "1708"]
[PlyCount "66"]
[EventDate "2015.10.03"]
[EventType "swiss"]
[EventRounds "9"]
[EventCountry "KGZ"]
[SourceTitle "EXT 2022"]
[Source "ChessBase"]
[SourceDate "2021.10.06"]
[SourceVersion "1"]
[SourceVersionDate "2021.10.06"]
[SourceQuality "1"]

1. d4 d5 2. Bf4 c6 3. c3 Qb6 4. Qb3 Bf5 5. Nd2 Nf6 6. Ngf3 Nbd7 7. e3 e6 8. Be2 Be7 9. h3 h6 10. 0-0 0-0 11. Rac1 c5 12. c4 Rfc8 13. Bh2 Bh7 14. cxd5 Nxd5 15. Bb5 N7f6 16. Nc4 Qd8 17. Nce5 a6 18. Be2 b5 19. dxc5 Bxc5 20. Rfd1 Qb6 21. Nd2 Rab8 22. Nb1 Bxe3 23. fxe3 Nxe3 24. Rxc8+ Rxc8 25. Nd7 Nxd7 26. Rxd7 Ng4+ 27. Kh1 Nf2+ 28. Kg1 Nxh3+ 29. Kh1 Nf2+ 30. Kg1 Nd3+ 31. Kh1 Rc1+ 32. Bd1 Rxd1+ 33. Qxd1 Nf2+ 0-1

[Event "SRI-chB (Women)"]
[Site "Colombo"]
[Date "2014.02.27"]
[Round "4"]
[White "Rodrigo, TM Janudi"]
[Black "Inoli, WA Tashini"]
[Result "1-0"]
[WhiteElo "1257"]
[BlackElo "1451"]
[PlyCount "63"]
[EventDate "2014.02.26"]
[EventType "swiss"]
[EventRounds "10"]
[EventCountry "SRI"]
[SourceTitle "CBM 159 Extra"]
[Source "ChessBase"]
[SourceDate "2014.04.24"]
[SourceVersion "1"]
[SourceVersionDate "2014.04.24"]
[SourceQuality "1"]

1. d4 Nf6 2. Bf4 g6 3. Nf3 Bg7 4. e3 0-0 5. c4 c5 6. Nc3 cxd4 7. exd4 d6 8. h3 Nbd7 9. Be2 b6 10. 0-0 Bb7 11. Re1 Re8 12. Bd3 a6 13. d5 Nc5 14. Bc2 Qc7 15. Qd2 Rac8 16. Rac1 Qb8 17. Na4 Ba8 18. Nxc5 Rxc5 19. Ba4 b5 20. cxb5 Rxd5 21. Qe2 axb5 22. Bb3 Rf5 23. g4 Rxf4 24. Bxf7+ Kh8 25. Bxe8 Qxe8 26. Qxe7 Qxe7 27. Rxe7 Bxf3 28. Rc8+ Ne8 29. Rexe8+ Bf8 30. Rxf8+ Rxf8 31. Rxf8+ Kg7 32. Rxf3 1-0